=LDR 00000nam 2200000 4500 =001 INLIS000000000044937 =005 20131008110936 =008 ***********************************Ind** =035 ##$$0010-101300000002859 =041 ##$$a Ind =082 ##$$a 959.8 =090 ##$$a 959.8, Bud m.1 =100 ##$$a Budianta, Eka =245 ##$$a Mengembalikab Kepercayaan Rakyat, Eka Budianta =260 ##$$a 1956 $b Jakarta =300 ##$$a 172 hlm, Ilus, 18.5 cm =850 ##$$a NBPNMAT